000 00909nam a2200157 a 4500
008 120416s9999 xx |||||||||||||| || u
050 _aNA 9050 Jon
100 _aJones, Bernie
245 1 0 _aNeighborhood planning
246 _aa guide for citizens and planners
350 _a0.00
995 _aMAIN LIBRARY OPEN ACCESS
_D0.00
_e725580
_FCBU-MAIN LIBRARY (Kitwe)
_H3
_I25.95
_jNA 9050 Jon
_UAVAILABLE
_y010660
_ZMain Library Open Access Collection
995 _aMAIN LIBRARY OPEN ACCESS
_D0.00
_e725583
_FCBU-MAIN LIBRARY (Kitwe)
_H2
_I25.95
_jNA 9050 Jon
_UAVAILABLE
_y010661
_ZMain Library Open Access Collection
995 _aMAIN LIBRARY OPEN ACCESS
_D0.00
_e725582
_FCBU-MAIN LIBRARY (Kitwe)
_H1
_I25.95
_jNA 9050 Jon
_ULOST
_y010662
_ZMain Library Open Access Collection
995 _aANNEX COLLECTION (Main Library)
_D0.00
_e725581
_FCBU-MAIN LIBRARY (Kitwe)
_H4
_I25.95
_jNA 9050 Jon
_UAVAILABLE
_y010663
_ZAnnex Low-Usage Collection
999 _c78745
_d78745